000 00406nam a22001457a 4500
003 SGT
020 _a9789391323523
082 _a340.112
_bGUP
100 _aGUPTA NEETU
245 _aPROFESSIONAL ETHICS ACCOUNTANCY FOR LAWYERS AND BENCH BAR RELATION
_bINCLUDING CONTEMPT OF COURT ,ADVOCATES ACT
250 _a4
260 _aCHANDIGARH
_bSHRI RAM LAW HOUSE
_c2023
300 _a460
942 _2ddc
_cBK
_07
999 _c25762
_d25762